000 01127nam0a2200277 4500
001 RU\NLR\BIBL_A\011122455
005 20250625205456.0
010 _a978-5-9670-2498-8
_93000
021 _aRU
_b16-21858
_91378
035 _a(NLR Aleph) 011122455
090 _a11529561
_c11529561
100 _a20160512d2016 |||y0rusy50 ca
101 0 _achv
102 _aRU
105 _ay z 000 y
200 1 _aПсалтирь (Мухтав юррисен кěнеки) тата вилнисемшěн вуламалли Канон
_f[ред.-сост.: В. Г. Григорьев]
210 _aШупашкар
_cЧǎваш кěнеке изд-ви
_d2016
215 _a397,[1] с.
_d21
541 1 _aПсалтирь и Канон, чтомый по усопшим
605 _aПсалтырь
_91151363
_3RU\NLR\AUTH\66141404
686 1 _aЭ372.24-2
702 1 _4340
_4220
_aГригорьев
_bВ. Г.
_cписатель, переводчик
_f1941-
_gВиталий Григорьевич
_9136721
_3RU\NLR\AUTH\770136756
852 _aNLR
_bОНЛ
_jЧув./3-4163
942 _cBOOK
980 _aNB